| 000 | 01072cam a2200301 a 4500 | ||
|---|---|---|---|
| 005 | 20240321132843.0 | ||
| 008 | 100706s2004||||ag f |||| 00| 0 spa d | ||
| 020 | _a9500620065 | ||
| 041 | _aspa | ||
| 041 | _aeng | ||
| 092 |
_c610.3 _l81 _sSTE |
||
| 245 |
_aStedman bilingüe. Diccionario de ciencias médicas. _bInglés-Español - Español-Inglés / _cWilliam K. Beatty |
||
| 250 | _a1a ed. 2a reimp. | ||
| 260 |
_aBuenos Aires: _bEditorial Médica Panamericana; _c2001. |
||
| 300 | _a1634 p. | ||
| 500 | _aBeatty, W. K. et al. (2001). Stedman bilingüe. Diccionario de ciencias médicas. inglés/español - español/inglés. (1a ed.). Buenos Aires : Editorial Médica Panamericana. | ||
| 653 | _aDiccionario | ||
| 700 | 1 |
_aBeatty, William K. _eConsultor _91779 |
|
| 700 | 1 |
_aBorycewicz, Mary L. _eCols. _91780 |
|
| 700 | 1 |
_aduh, Show-Hong _91781 |
|
| 700 | 1 |
_aKoch, Thomas R. _eCols. _91782 |
|
| 700 | 1 |
_aSchaffner, David L. _eCols. _91783 |
|
| 700 | 1 |
_aSequeiros, Jorge _eCols. _91784 |
|
| 930 | _a1256 | ||
| 930 | _a1257 | ||
| 930 | _a1319 | ||
| 942 |
_2ddc _cBK |
||
| 999 |
_c480 _d480 |
||